| 000 | 00492nam a22001697a 4500 | ||
|---|---|---|---|
| 005 | 20251108164257.0 | ||
| 008 | 250721s9999 xx 000 0 ara d | ||
| 082 | 1 | 4 | _a330.151/نوف |
| 100 | 1 | _aنوفاك، ميخائيل | |
| 245 | 1 | 0 | _aروح الرأسمالية الديمقراطية / |
| 264 | 1 |
_aعمان : _bدار البشير، _c[19-]. |
|
| 300 | _a416ص. | ||
| 650 | 1 | 7 | _aالرأسمالية |
| 700 | 1 |
_aعوده، غالي _eترجمة |
|
| 942 |
_2ddc _cBK |
||
| 999 |
_c8141 _d8141 |
||